01696cam a22004094i 4500003000900000005001700009008004100026020001500067020001800082035002000100040003300120082002000153245017400173264004400347300006000391336002100451337002500472338002300497490005500520505049100575526000901066526000901075526000901084526000901093526000901102526000901111526000801120526000801128526000801136526000801144526000801152526000801160650001901168650002501187700003601212700003801248PE-LiUPU20250731184539.0181227s2018 miua r 000 0 eng d a1720780412 a9781720780410 a(Sirsi) a251216 aPE-LiUPUbspacPE-LiUPUerda04a913.32bE3122300aEgypt's role in the Hebrew Bible :bproceedings of the workshop held at the University of Lausanne 22-23 April 2015 /cedited by Thomas Römer and Shirly Ben-Dor Evian. 1aTucson :bUniversity of Arizona,c2018. avii, 84 páginas :bilustraciones ;c28 centímetros. atext2rdacontent aunmediated2rdamedia avolume2rdacarrier0 aJournal of ancient Egyptian interconnections ;v180 aThe Past and Future of "Biblical Egyptology" -- Egyptian Gola in Prophetic and Pentateuchal Traditions: A Socio-Historical Perspective -- The Egyptian-Canaanite Interface as Colonial Encounter: A View from Southwest Canaan -- References to the Pharaoh in the Local Glyptic Assemblage of the Southern Levant during the First Part of the 1st Millennium BCE -- The Role of Egypt in the Formation of the Hebrew Bible -- Joseph, Ahiqar, and Elephantine: The Joseph Story as Diaspora Novella. aP136 aP135 aP134 aP133 aP144 aP143 aP87 aP35 aP20 aP14 aP10 aP06 4aEgiptología. 4aEgipto en la Biblia.1 aBen-Dor Evian, Shirly,eeditor.1 aRömer, Thomas,d1955-,eeditor.